00341nam a2200097Ia 4500008004100000041000800041100003100049245007100080260005000151650004200201191203s9999 xx 000 0 und d aeng aHarini Nihara Wimalasekara 0aDevelopment of a Herbal Fairness Cream Using Four Medicinal Plants aInstitiute of Chemistri CeylonbColomboc2019 a"Seminar Reports ,Dissertations,2019"